Reading comprehension : what is it? how do you teach it?
में बचाया:
| मुख्य लेखक: | |
|---|---|
| स्वरूप: | पुस्तक |
| प्रकाशित: |
New Zealand Council for Educational Research
1999
|
| टैग : |
टैग जोड़ें
कोई टैग नहीं, इस रिकॉर्ड को टैग करने वाले पहले व्यक्ति बनें!
|
| Thư viện lưu trữ: | Mạng thư viện Đại học Đà Nẵng |
|---|
| LEADER | 00594nam a2200217 a 4500 | ||
|---|---|---|---|
| 001 | 000029852 | ||
| 003 | 7464 | ||
| 005 | 20171030145630.0 | ||
| 008 | 171030s1999 | ||
| 040 | |a LTT | ||
| 082 | 0 | |a 372.47 |b DY-S | |
| 100 | 1 | |a Dymock, Susan J | |
| 245 | 0 | 0 | |a Reading comprehension : what is it? how do you teach it? |c Susan Dymock and Tom Nicholson. |
| 260 | |b New Zealand Council for Educational Research |c 1999 | ||
| OWN | |a LTT | ||
| 999 | |a From the UDN01 | ||
| TYP | |a Monograph | ||
| TYP | |a Printed language | ||
| 980 | |a Mạng thư viện Đại học Đà Nẵng | ||